|
|
|
|
| LEADER |
00000nam0a2200000 4500 |
| 001 |
306138 |
| 005 |
20231102001851.0 |
| 035 |
|
|
|a (RuTPU)RU\TPU\book\331415
|
| 090 |
|
|
|a 306138
|
| 100 |
|
|
|a 20151003d1977 km y0rusy50 ca
|
| 101 |
0 |
|
|a rus
|
| 102 |
|
|
|a UA
|
| 105 |
|
|
|a a z 001zy
|
| 200 |
1 |
|
|a Табличные методы моделирования электронных схем на ЭЦВМ
|f А. И. Петренко, А. И. Власов, А. П. Тимченко
|
| 210 |
|
|
|a Киев
|c Вища школа
|d 1977
|
| 215 |
|
|
|a 189 с.
|c ил.
|
| 320 |
|
|
|a Библиогр.: с. 182-187
|
| 606 |
1 |
|
|a Электронные схемы
|x Математическое моделирование
|2 stltpush
|3 (RuTPU)RU\TPU\subj\20523
|9 45622
|
| 610 |
1 |
|
|a моделирующие системы
|
| 610 |
1 |
|
|a ЭЦВМ
|
| 610 |
1 |
|
|a табличные методы
|
| 610 |
1 |
|
|a линейные алгебраические уравнения
|
| 610 |
1 |
|
|a решение
|
| 610 |
1 |
|
|a алгебро-дифференциальные системы
|
| 610 |
1 |
|
|a параметрическая чувствительность
|
| 610 |
1 |
|
|a анализ
|
| 610 |
1 |
|
|a радиоэлектронные схемы
|
| 675 |
|
|
|a 621.38.061.001
|v 3
|
| 700 |
|
1 |
|a Петренко
|b А. И.
|g Анатолий Иванович
|
| 701 |
|
1 |
|a Власов
|b А. И.
|g Александр Иванович
|
| 701 |
|
1 |
|a Тимченко
|b А. П.
|g Анатолий Павлович
|
| 801 |
|
1 |
|a RU
|b 63413507
|c 20151003
|
| 801 |
|
2 |
|a RU
|b 63413507
|c 20200305
|g RCR
|
| 942 |
|
|
|c BK
|